000 00683nam a2200181Ia 4500
005 20260601193246.0
008 260601s9999||||xx |||||||||||||| ||und||
020 _a978-3-031-63139-9
_qebk
100 _aYinjun Zhang
245 0 _aApplication of Big Data, Blockchain, and Internet of Things for Education Informatization
250 _a2024
260 _aHeidelberg, Germany
_bSpringer Nature
_c2024
440 _aLecture Notes of the Institute for Computer Sciences, Social Informatics and Telecommunications Engineering
650 _aComputer Science
700 _aNazir Shah
856 _uhttps://link.springer.com/openurl?genre=book&isbn=978-3-031-63139-9
942 _cEB
_2ddc
999 _c56577
_d56577